| 000 | 00652nam a2200253Ia 4500 | ||
|---|---|---|---|
| 008 | 160216s9999 xx 000 0 und d | ||
| 020 | _a971-584-541-0 | ||
| 050 | _aFIL BD 450 | ||
| 050 | _b.B33 2007 | ||
| 100 | _aBabor, Eddie R. | ||
| 245 | 4 | _aThe Human person : | |
| 245 | _bnot real, but existing / | ||
| 245 | _cEddie R. Babor. | ||
| 250 | _a2nd Edition | ||
| 260 | _aQuezon City: | ||
| 260 | _bC & E Pub. Inc., | ||
| 260 | _c2007 | ||
| 300 | _a414 pages : | ||
| 300 | _bill. ; | ||
| 300 | _c22 cm. | ||
| 500 | _aInludes bibliographical references and index. | ||
| 650 | _aHumanism. | ||
| 650 | _aPhilosophical anthropology. | ||
| 999 |
_c290992 _d290992 |
||